Information Management 2000: Teacher's Manual (Record no. 1198)
[ view plain ]
| 005 - DATE AND TIME OF LATEST TRANSACTION | |
|---|---|
| control field | 20250408115135.0 |
| 020 ## - INTERNATIONAL STANDARD BOOK NUMBER | |
| International Standard Book Number | 0-17-603545-1 |
| 082 ## - DEWEY DECIMAL CLASSIFICATION NUMBER | |
| Classification number | 651 STE |
| 100 ## - MAIN ENTRY--PERSONAL NAME | |
| Author name | STEWART, M. J. |
| 245 ## - TITLE STATEMENT | |
| Title | Information Management 2000: Teacher's Manual |
| 260 ## - PUBLICATION, DISTRIBUTION, ETC. | |
| Place of publication, distribution, etc. | Ontario, |
| Name of publisher, distributor, etc. | Nelson Canada, |
| Date of publication, distribution, etc. | 1990. |
| 300 ## - PHYSICAL DESCRIPTION | |
| Extent | 136p.: ill,; table |
| Dimensions | 28cm. |
| 700 ## - ADDED ENTRY--PERSONAL NAME | |
| Other authors/Editors | WESTGATE, D. G. |
| 942 ## - ADDED ENTRY ELEMENTS (KOHA) | |
| Source of classification or shelving scheme | Dewey Decimal Classification |
| Koha item type | Books |
| Date last seen | Total checkouts | Full call number | Barcode | Cost, replacement price | Price effective from | Koha item type | Lost status | Source of classification or shelving scheme | Damaged status | Not for loan | Withdrawn status | Home library | Current library | Shelving location | Date acquired | Cost, normal purchase price | Source of acquisition |
|---|---|---|---|---|---|---|---|---|---|---|---|---|---|---|---|---|---|
| 06/28/2025 | 651 STE | DOM0002455 | 30000.00 | 04/08/2025 | Books | Dewey Decimal Classification | CBE Dodoma | CBE Dodoma | General Collection | 04/08/2025 | 10000.00 | Library budget | |||||
| 04/08/2025 | 651 STE | 0000004688 | 30000.00 | 04/08/2025 | Books | Dewey Decimal Classification | College of Business Education Main Library | College of Business Education Main Library | General Collection | 04/08/2025 | 10000.00 | ||||||
| 04/08/2025 | 651 STE | 0000004689 | 30000.00 | 04/08/2025 | Books | Dewey Decimal Classification | College of Business Education Main Library | College of Business Education Main Library | General Collection | 04/08/2025 | 10000.00 |
